উন্নয়ন ভাবনায় কর্মসংস্থান ও শ্রমবাজার (Record no. 105060)

MARC details
000 -LEADER
fixed length control field 00763nam a22001937a 4500
003 - CONTROL NUMBER IDENTIFIER
control field BD-ChCU
005 - DATE AND TIME OF LATEST TRANSACTION
control field 20241217133212.0
008 - FIXED-LENGTH DATA ELEMENTS--GENERAL INFORMATION
fixed length control field 241217b bg ||||| |||| 00| 0 ben d
020 ## - INTERNATIONAL STANDARD BOOK NUMBER
International Standard Book Number 9789845063159
040 ## - CATALOGING SOURCE
Transcribing agency BD-ChCU
082 ## - DEWEY DECIMAL CLASSIFICATION NUMBER
Edition number ২২
Classification number ৩৩১.১৩৭ ইস৭উ
100 ## - MAIN ENTRY--PERSONAL NAME
Personal name ইসলাম, রিজওয়ানুল
9 (RLIN) 6744
245 ## - TITLE STATEMENT
Title উন্নয়ন ভাবনায় কর্মসংস্থান ও শ্রমবাজার
250 ## - EDITION STATEMENT
Edition statement ২ সং
260 ## - PUBLICATION, DISTRIBUTION, ETC.
Place of publication, distribution, etc. ঢাকা,
Name of publisher, distributor, etc. ইউনিভার্সিটি প্রেস
Date of publication, distribution, etc. ২০১৯
300 ## - PHYSICAL DESCRIPTION
Extent ২৩৪ পৃ.
Dimensions ২২ সেমি.
650 #0 - SUBJECT ADDED ENTRY--TOPICAL TERM
Topical term or geographic name entry element শ্রমবাজার : কর্মসংস্থান
9 (RLIN) 6745
942 ## - ADDED ENTRY ELEMENTS (KOHA)
Source of classification or shelving scheme Dewey Decimal Classification
Koha item type Books
Suppress in OPAC No
Holdings
Withdrawn status Lost status Source of classification or shelving scheme Damaged status Not for loan Home library Current library Shelving location Date acquired Source of acquisition Total Checkouts Full call number Barcode Date last seen Copy number Price effective from Koha item type
    Dewey Decimal Classification     Chittagong University Library Chittagong University Library Business and Social Science Reading Room 17/12/2024 ক্রয়কৃত   ৩৩১.১৩৭ ইস৭উ 333090 17/12/2024 ক-১ 17/12/2024 Books
    Dewey Decimal Classification     Chittagong University Library International Relations Seminar Library Business and Social Science Reading Room 17/12/2024 ক্রয়কৃত   ৩৩১.১৩৭ ইস৭উ 333091 17/12/2024 ক-২ 17/12/2024 Books
© Copyright 2026. Chittagong University Library, Installation and Maintenance by Prof. Dr. Md. Alamgir, 01711306253